Les mois de l'année en image - Statistiques

Statistiques générales
  • Ce quiz a été pris 105 fois
  • Le résultat moyen est 12 sur 12
Statistiques - réponses
Par images Réponse % Correct
Août
99%
Février
99%
Janvier
99%
Avril
98%
Juillet
98%
Juin
98%
Mars
98%
Septembre
98%
Décembre
97%
Mai
97%
Novembre
97%
Octobre
97%
Aucun quiz correspondant
Distribution des résultats
% des personnes avec chaque résultat
Percentile par nombre de réponses
Votre historique - résultats
Vous n’avez pas pris ce quiz